| 000 | 00893nam a22002777a 4500 | ||
|---|---|---|---|
| 001 | BR2016004987 | ||
| 003 | BR-BrBNA | ||
| 005 | 20230928105016.0 | ||
| 007 | ta | ||
| 008 | 230509b bl.||||| |||| 00| 0 por d | ||
| 040 |
_aBR-BrBNA _bpor _cBiblioteca Nacional de Agricultura |
||
| 041 | _a(Por) | ||
| 072 |
_aM01; M12 _b8173 |
||
| 090 | _ 8173 BR2016004987 | ||
| 110 | 1 |
_aSociedade Brasileira para o Estudo de Elasmobrânquios, Recife, PE (Brasil). Comissão de Elaboração do Plano de Ação _99836 |
|
| 245 | 1 | _bPlano nacional de ação para a conservação e o manejo dos estoques de peixes elasmobrânquios no Brasil | |
| 260 | 3 |
_aRecife, PE (Brasil): _c2005. |
|
| 300 | _a99 p. | ||
| 500 | _aBibliography p. 77-89; 20 tables | ||
| 650 | _aCAÇÃO | ||
| 650 | _aRAIA MARINHA | ||
| 650 | _aPESCA | ||
| 650 | _aMANEJO | ||
| 909 |
_a202309 _bLucia _c55 _dLucia Elande |
||
| 942 | _cBK | ||
| 999 |
_c82911 _d82911 |
||